One Word Book Titles A-Z Quiz Stats

 Plays Quiz Updated Jun 10, 2016

Challenge
Share
Tweet
Embed
Score 0/26 Timer 04:00
0 Plays Today
Author Literature % Correct
Bram StokerDracula
92.3%
James JoyceUlysses
82%
Vladimir NabokovLolita
75.4%
Stephenie MeyerTwilight
72%
Roald DahlMatilda
71.9%
Stephen KingIt
70.9%
Ian FlemingGoldfinger
68.7%
Henry David Thoreau*Walden
62.4%
Toni MorrisonBeloved
60.1%
Voltaire*Candide
57.9%
Daphne du MaurierRebecca
53.2%
Jane AustenPersuasion
51.6%
Peter BenchleyJaws
49.3%
Author Literature % Correct
Elie Wiesel Night
46.5%
Robert Louis StevensonKidnapped
43.1%
Louis SacharHoles
37.6%
Thomas PynchonV
25.1%
Isaac AsimovFoundation
24.2%
Ayn RandAnthem
23.5%
James PattersonZoo
16.6%
Maria EdgeworthOrmond
10%
Orson Scott CardXenocide
9.9%
Phyllis Reynolds NaylorShiloh
8.1%
Edward BellamyEquality
7.6%
Leo TolstoyYouth
6.1%
Jim CraceQuarantine
3.4%

You're not logged in!

Compare scores with friends on all Sporcle quizzes.
OR
Log In

You Might Also Like...

Show Comments

Extras

Top Quizzes Today


Score Distribution

Your Account Isn't Verified!

In order to create a playlist on Sporcle, you need to verify the email address you used during registration. Go to your Sporcle Settings to finish the process.

Report this User

Report this user for behavior that violates our Community Guidelines.

Details: